000 00571cam a22002052 4500
001 0000003587
005 20151217145737.0
008 070510s xx 000 0 eng d
020 _a0710000936 :
040 _aKABU
_cKABU
050 0 _aLB1707
_b.D69
100 1 _aDow, Gwyneth.
_@0000153601
245 1 0 _aLearning to teach :
_bteaching to learn.
260 _aLondon :
_bRoutledge & Kegan,
_c1979.
300 _aix, 262 p.
650 0 _aTeachers, Training of.
_@0000153529
908 _a070510
950 _@1
999 _c2167
_d2167